000 00527nam a2200181Ia 4500
005 20250508150650.0
008 008 250505s9999 xx 000 0 eng d
037 _aTextual
040 _aFEDL
_beng
_cFEDL
041 _aeng
_2eng
084 _a407, SWE
_qFEDL
100 _aSweet Henry
_965883
245 0 _aPractical study of languages: A guide for teachers and learners
260 _aLondon, UK
_bJ M Dent and Sons Ltd
_c1938
300 _axiv,278p
942 _cTEXL
_h407, SWE
999 _c1324914
_d1324914